Jak naučit děti hodnotám /

Hlavní autor: Eyre, Linda, 1947-
Další autoři: Eyre, Richard M., 1944-
Jazyk: Čeština
Vydáno: Praha : Portál, 2000
Vydání: Vyd. 1.
Edice: Rádci pro rodiče a vychovatele
Témata:
Fyzický popis: 156 s. ; 23 cm
Knihy
Uloženo v:
LEADER 01517nam a2200421 a 4500
001 000466717
003 CZ BrMZK
005 20260427100854.0
007 ta
008 000115s2000 xr e f cze d
015 |a cnb000773118 
020 |a 80-7178-360-9 
035 |a (OCoLC)84983456 
040 |a BOA001  |b cze 
072 7 |a 37  |x Výchova a vzdělávání  |2 Konspekt  |9 22 
080 |a 316.752  |2 MRF 
080 |a 37.03-053.2  |2 MRF 
080 |a 173.5/.7  |2 MRF 
080 |a (035)  |2 MRF 
100 1 |a Eyre, Linda,  |d 1947-  |7 xx0059863  |4 aut 
245 1 0 |a Jak naučit děti hodnotám /  |c Linda a Richard Eyrovi 
250 |a Vyd. 1. 
260 |a Praha :  |b Portál,  |c 2000 
300 |a 156 s. ;  |c 23 cm 
490 1 |a Rádci pro rodiče a vychovatele 
650 0 7 |a hodnoty  |7 ph120778  |2 czenas 
650 0 7 |a výchova dítěte  |7 ph127420  |2 czenas 
650 0 7 |a rodiče a děti  |7 ph116053  |2 czenas 
655 7 |a příručky  |7 fd133209  |2 czenas 
700 1 |a Eyre, Richard M.,  |d 1944-  |7 jn19981001004  |4 aut 
765 0 |t Teaching your children values 
830 0 |a Rádci pro rodiče a vychovatele  |0 s 
910 |a BOA001  |b 2-1070.189  |b PK-0132.538 
920 |a 000462997 
990 |a BK 
996 6 |b 2610110689  |c 2-1070.189  |l MZK  |r Sklad / do 1 hodiny  |n 11  |p p.v.  |w 000466717  |u 000010  |a 1  |e BOA001  |j MZK50  |s P 
996 7 |b 2610111589  |c 2-1070.189  |l MZK  |r Sklad / do 1 hodiny  |n 96  |p kup  |w 000466717  |u 000020  |a 1  |e BOA001  |j MZK50  |s A 
996 7 |b 3119018065  |c PK-0132.538  |l MZK  |r Sklad / do 1 hodiny  |n 83  |p dar  |w 000466717  |u 000030  |a 1  |e BOA001  |j MZK50  |s A